Normal view
MARC view
- ROBOTICS CONTROL SENSING AND INTELLIGENCE
Entry Topical Term
001 - CONTROL NUMBER
- control field: 79799
003 - CONTROL NUMBER IDENTIFIER
- control field: NUST
005 - DATE AND TIME OF LATEST TRANSACTION
- control field: 20210628210526.0
008 - FIXED-LENGTH DATA ELEMENTS
- fixed length control field: 210628|| aca||aabn | a|a d
040 ## - CATALOGING SOURCE
- Original cataloging agency: NUST
- Transcribing agency: NUST
150 ## - HEADING--TOPICAL TERM
- Topical term or geographic name entry element: ROBOTICS CONTROL SENSING AND INTELLIGENCE
670 ## - SOURCE DATA FOUND
- Source citation: Work cat.: (NUST): FU, K S ,GONGLALEZ, R. C 79798, ROBOTICS ,CONTROL SENSING AND INTELLIGENCE, 1985
